000 00709nam a2200229Ia 4500
999 _c1607
_d1607
007 ta
008 190719t2008 xxkadb|g||||||||1 ||und||
020 _a1870077903
_c£ 95.00
040 _aKO
_beng
041 0 _aeng
044 _axxk
082 0 4 _a623.89
_bC7359
_223
110 _aGreat Britain.
_bRoyal Navy
245 4 _aThe Admiralty Manual of Navigation- Vol. I: Principles of Navigation, BR-45(1) /
_cRoyal Navy, Government of Great Britain
250 _a10th ed.
260 _aLondon :
_bThe Nautical Institute ,
_c2008.
300 _avarious pagination :
_bcol. ill., Maps ;
_c 30 cm.
650 _aNavigation
_vHandbooks, manuals, etc.
904 _aA_BOSE
942 _2ddc
_cBK